000 00492nam a22001577a 4500
003 SGT
020 _a97893272331137
082 _a658.4034
100 _aCHAWLA,K.K.
245 _aPOERATIONS RESEARCH QUANTITATIVE ANALYSIS FOR MANAGEMENT
260 _aNEW DELHI
_bKALYANI PUBLISHERS
_c2014
300 _aV.P
650 _aMANAGEMENT
653 _aINTRODUCTION TO OPERATIONS RESEARCH,MATERIALS,THEORY OF PROBABILITY. LPP-SIMPLEX,DUALITY,DUAL SIMPLEX,INVENTORY CONTROL.
942 _2ddc
_cFCM
_012
999 _c9107
_d9107